The Peshawar parrot

Bibliographic Details
Main Author: Krishnan Panikker
Corporate Author: Title
Other Authors: P.L Ooi
Format: Book
Published: Selangor : Penerbit Idaman , 2005
Series:Tales for pleasure
Subjects:

MARC

LEADER 00000cam a2200000 7i4500
001 0000001437
005 20151222.0
008 070705
020 |a 9832666740(set) 
020 |a 9832666775 
090 0 0 |a JF   |b ENG 
100 0 |a Krishnan Panikker 
245 1 0 |a The Peshawar parrot   |c Krishnan Panikker and P.L Ooi 
260 |a Selangor :   |b Penerbit Idaman ,   |c 2005 
440 |a Tales for pleasure 
500 |a Children ages 10-12 years old (pink) 
650 0 |a Fairy tales 
650 0 |a Junior fiction   |x English   |x Languages 
700 0 |a P.L Ooi 
710 0 |a Title 
999 |a 0000965347   |b Book   |c Children Collection   |e Cawangan Bandar Penawar 
999 |a 0000965348   |b Book   |c Children Collection   |e Cawangan Bandar Tenggara 
999 |a 0000972884   |b Book   |c Children Collection   |e Cawangan Tangkak 
999 |a 0000972885   |b Book   |c Children Collection   |e Cawangan Bukit Gambir 
999 |a 0000972886   |b Book   |c Children Collection   |e Cawangan Bandar Penawar